Materiály pro školení členů národních výborů

Bibliographic Details
Format: Book
Language:Czech
PhysicalDescription:11, [1] s. 8°
Published: Praha Statistické a evidenční vyd. tiskopisů 1954
Subjects:

MARC

LEADER 00000nam a2200000 a 4500
001 vtls001325770
003 SK-MaSNL
005 20260301235558.0
008 210928s1989 xr 0 cze
035 |a SNK000278528 
040 |a SNK  |b slo  |c SNK  |e AACR2 
041 0 |a cze 
044 |a CZ 
080 |a 352/353(437)(024)  |2 1981 
245 1 |a Materiály pro školení členů národních výborů 
260 |a Praha  |b Statistické a evidenční vyd. tiskopisů  |c 1954 
300 |a 11, [1] s.  |c 8° 
500 |a Vyd. Úřad předsednictva vlády, Praha 
650 0 7 |a národné výbory  |z ČSSR  |x príručky  |2 SNK  |9 633014 
958 |a RK 
958 |a OND 
999 |c 975697  |d 977627 
952 |t P60, <03>, [BOOK], {603}  |a SNK  |b SNK  |y PREZ  |7 0  |o snkSC 79447  |i snkD 1609/91  |0 0  |1 0  |4 0  |d 1998-03-24  |l 0  |r 2005-01-02 00:00:00  |w 2026-02-24 
952 |a SNK  |b SNK  |y PREZ  |7 0  |p 17A0993916  |o snkSC 79447  |0 0  |1 0  |4 0  |d 2012-08-09  |l 0  |r 2026-02-24 11:03:55  |w 2026-02-24